000 00470nam a2200193Ia 4500
005 20250603145238.0
008 250603s9999 xx 000 0 und d
020 _a9780443100338
050 _aQM 531 .L37/
100 _aSinnatamby, C.S.
245 0 _aLast’s anatomy: regional and applied.
250 _a11th ed.
260 _aNew York
260 _bChurchill Livingstone/Elsevier
260 _c2006
300 _a568 p
650 _aNew York
942 _cBK
999 _c41299
_d41299